[Event "Kochan Memorial op 23rd"]
[Site "Koszalin"]
[Date "2012.08.18"]
[Round "9"]
[White "Belczewski, Jacek"]
[Black "Dura, Rafal"]
[Result "1-0"]
[WhiteElo "1498"]
[BlackElo "1563"]
[PlyCount "93"]
[EventDate "2012.08.11"]
[EventType "swiss"]
[EventRounds "9"]
[EventCountry "POL"]
[SourceTitle "CBM 149 Extra"]
[Source "ChessBase"]
[SourceDate "2012.08.24"]
[SourceVersion "1"]
[SourceVersionDate "2012.08.24"]
[SourceQuality "1"]

1. d4 d5 2. f4 Nf6 3. Nf3 Bf5 4. e3 e6 5. Bd3 Ne4 6. 0-0 Nd7 7. Ne5 a6 8. Nd2 Ndf6 9. Ndf3 c5 10. c3 c4 11. Bc2 Ng4 12. Nxg4 Bxg4 13. h3 Bh5 14. Qe1 Bg6 15. Ne5 Nd6 16. Nxg6 hxg6 17. e4 dxe4 18. Bxe4 Nxe4 19. Qxe4 Qd5 20. Qxd5 exd5 21. Re1+ Kd7 22. Bd2 Bd6 23. Kf2 Rae8 24. Kf3 Rxe1 25. Rxe1 Re8 26. Rxe8 Kxe8 27. Kg4 b5 28. f5 gxf5+ 29. Kxf5 Kd7 30. g4 Be7 31. Ke5 Kc6 32. a3 a5 33. g5 Bd6+ 34. Kf5 Bg3 35. g6 fxg6+ 36. Kxg6 Kd6 37. Kxg7 Ke6 38. Kg6 Bf2 39. Kg5 a4 40. h4 Bxh4+ 41. Kxh4 Kf5 42. Bh6 Ke4 43. Bf8 Kf4 44. Kh5 Kf5 45. Bd6 Kf6 46. Kg4 Kg6 47. Be5 1-0